000 00722nam a2200229Ia 4500
003 OSt
005 20220918230548.0
006 a|||||r|||| 00| 0
007 ta
008 220917b |||||||| |||| 00| 0 eng d
024 _a255,986
037 _cTextual
040 _aARTS
_cARTS
_beng
041 _2eng
_aeng
082 _aX:3220j9J2.63.N7, L8
100 _aKowet Donald Kalinde
_9152835
245 0 _aLand , labour migration and politics in Southern Africa
_b Botswana,Lesotho and Swaziland
260 _aUppsala
_bScandinavian Institute of Africa Studies Africa
_c1978
650 _aECONOMICS
942 _hX:3220j9J2.63.N7, L8
_cTEXL
_2CC
999 _c288365
_d288365